MDQL
is popping MORE tags! Check the
thread
!
Quizzes
Events
Quiz Creation
Community
Videos
Private Events
Remove Ads
Sign In
Join for FREE
Feedback
Dark Mode
Quiz Categories
Sports
Geography
Music
Movies
Television
Just For Fun
Miscellaneous
History
Literature
Language
Science
Gaming
Entertainment
Religion
Holiday
For Kids
Quiz Lab
Recent
Popular Today
Quiz Kudos Today
Editor Picks
Curator Picks
Quizzes by...
Day
Popularity
Type
Ratings
Length
Year
Community
Subscriptions
Recent Discussions
Orange Saloon
Badges
Playlists
Quests
Create
Leaderboards
Showdown
Live 5
Trivia Bingo
Activity
Puzzle Library
Sporcle Events
Private Events
Virtual Trivia
Globe League
Become a Host
Pub Owners
SporcleCon
Opinionation
Our Games
Videos
Blog
Mobile Apps
Partnerships
Remove Ads and Go Orange
Feedback
Just For Fun
Clickable
Get the Picture
Humor
Quick Pick
Word Ladder
Missing Word
Mixed Word
Blitz
Minefield
This or That
Alphabet
Color
Typing
Sporcle
Puzzle
Word Play
Follow That Line
Logic
Just For Fun
Clickable
Get the Picture
Humor
Quick Pick
Word Ladder
Missing Word
Mixed Word
Blitz
Minefield
This or That
Alphabet
Color
Typing
Sporcle
Puzzle
Word Play
Follow That Line
Logic
Random Quiz
Search Sporcle
×
Quiz Lab
Quiz Lab
Just For Fun
Humor
Select answers by clicking on text or image buttons
Select answers by clicking on text or image buttons
Clickable
Best Score? Go Orange.
You're joking! Stats
Can you finish up these jokes?
By
Supercraft
10m
20 Questions
96 Plays
96 Plays
96 Plays
Comments
Comments
Give Quiz Kudos
Give Quiz Kudos
-
- Ratings
hide this ad
Forced Order
Answers have to be entered in order
Answers have to be entered in order
Random Order
Randomize order of answers
Randomize order of answers
Replay
Link that replays current quiz
Next Quiz
Link to next quiz in quiz playlist
You Got
0%
They Got
Avg Score
83%
Avg Friend Score
Upgrade to see
Score Distribution
Jump to the score distribution portion of the page
Score
0/20
Timer
10:00
0
Plays Today
% Correct
A big red rock-eater!
92.7%
It switches on the head lice!
91.7%
To get away from that joke!
90.6%
Please let me in, I'm cold!
88.5%
2 lions and 3 tigers
88.5%
Because of all the v-owls
87.5%
Because the boiled ones kept rolling off!
86.5%
No, he did it all himself!
86.5%
No thanks, I'm on a diet!
86.5%
I didn't mean feed him to the cat!
86.5%
% Correct
I'll tell you tomorrow!
84.4%
The national elf service!
83.3%
How about a brown tie?
83.3%
Wait until it's ripe!
82.3%
Drowning!
80.2%
I moved a slice of bread, and there it was!
80.2%
None taken!
77.1%
An ambulance!
72.9%
I've lost my voice.
72.9%
Maggots, they came in apples!
59.4%
Quiz Playlist
Details
Report
Send in Message
Add To Playlist
Clickable:
Select answers by clicking on text or image buttons
Forced Order:
Answers have to be entered in order
Random Order:
Randomize order of answers
Last Updated: Sep 4, 2017
Quiz Scoreboard
CHALLENGE
Sign Up to Join the Scoreboard
Show All
Scores
Hide
Comments
May contain spoilers
Recently Published
Holiday 10x10 Sorting Gallery
by lukepisani3
Holiday
15m
Two Season TV Shows II
by 123Four
Television
10m
Image Sorting: Flags VI
by Barbecue
Geography
2m
More to Explore
Quiz From the Vault
Featured Blog Post
14 Easter Pick-up Lines to Find Eggs With
hide this ad
You Might Also Like...
Tags
Humor Quiz
Today's Top Quizzes in Just For Fun
Browse Just For Fun
hide this ad
Today's Top Quizzes in Humor
Browse Humor
Top Contributed Quizzes in Just For Fun
1
Name Just One - 10 to 1: Just For Fun
2
Missing Word: 2-Letter A-Z II
3
Eurovision 2024 Countries Logic Puzzle
4
Missing Letter Whitney Houston Songs
5
Avatar the Last Airbender: Logic Puzzle
6
Missing Word: 'Of' Things A-Z
7
Survivor Winners Logic Puzzle
8
It's Magic / Witchcraft 🎩🪄🧙♀️
9
Killer Double Trees 224 - Colour Match-Up
10
Missing Word: 'Of' Things A-Z II
Explore More
Trending Topics
Harry Potter
NBA
Marvel
Disney
Kpop
Crossword
Anime
Soccer
The Office
Country
NFL
Puzzle
Song
Pokémon
WWE
hide this ad
More By:
Supercraft
Quiz
Plays
Rating
Category
Featured
Created
Calculator Elements
893
4.54
Science
Mar 24, 2018
Name a Bordering Country...
707
4.60
Geography
Mar 23, 2020
Shape Logic Quiz
546
4.86
Just For Fun
Dec 11, 2019
Bordering Europe* but not European
453
4.44
Geography
Oct 13, 2019
Minecraft Item Finisher
442
4.33
Gaming
Aug 30, 2017
Go to Creator's Profile
Score Distribution
Quiz Creator Spotlight
Supercraft
Follow
Send a Message
Quizzes Created
-
Created Quiz Play Count
-
More By This Creator
Popular Quizzes Today
1
Find the US States - No Outlines Minefield
2
Colored Red Africa Blitz
3
Find the 'City' Movie
4
The Countries of the World
5
5x2 Blitz: Bands
6
Find the Countries of Europe - No Outlines Minefield
7
Find the US States
8
US States
More Just For Fun Quizzes
Missing Word: British Invasion
Published
Trending Quizzes
Colored Red Europe Blitz I
Colored Red Europe Blitz II
Colored Red Africa Blitz II
Colored Red Europe Blitz III
Colored Red Africa Blitz III
Recently Updated
Odd Team Out - Big 4 Players
pecheneg
Quick Pick: 20 Twenties
pecheneg
March Madness Men's Triple Doubles
pecheneg
How Do You Spell That?
pecheneg
Godzilla Movies
pecheneg
Grab Bag: 4-10 Letters
pecheneg
2024 March Madness Bracket
pecheneg
Famous TV Couples
Peacemaker
Champions League XIs: Real Madrid
pecheneg
Largest US Cities 1790-2010
pecheneg
Trending Topics
Anime
Disney
Marvel
Crossword
Harry Potter
NBA
Kpop
Pokémon
NFL
Country
Soccer
The Office
Song
Puzzle
WWE
Your Account Isn't Verified!
In order to create a playlist on Sporcle, you need to verify the email address you used during registration. Go to your
Sporcle Settings
to finish the process.
Report this User
Report this user for behavior that violates our
Community Guidelines
.
Details:
Send Report
Go to the Sporcle.com Mobile Site →
Comments